000 00799cam a2200217 4500
001 WS114703
008 010921n 000 0 eng u
035 _a(Sirsi) u114703
110 _aEuropean Council of Geodetic Surveyors
_94137
245 _aEuropean Council of Geodetic Surveyors
520 _aWeb site for this organisation representing geodetic surveyors in Europe including details of their qualifications and reports.
650 _aORGANISATION
650 _aEUROPE
650 _aINTERNATIONAL
650 _aCOMITE DE LIAISON DES GEOMETRES-EXPERTS EUROPEENS
650 _aEUROPEAN GEODETIC SURVEYOR
650 _aGEOMETRE EXPERT
690 _aGeomatics
_96242
856 4 0 _uhttps://www.ge.ucl.ac.uk/clge
_zView the website free of charge at www.ge.ucl.ac.uk/clge...
942 _n0
999 _c119904
_d119904